000 00377nam a22001457a 4500
003 OSt
008 220511b ||||| |||| 00| 0 eng d
020 _a978-81-224-3623-5
100 _aKOTHARI,C.R.
245 _aResearch Methodology: Methods and Techniques
250 _a4th
260 _aNew Delhi
_bNew Age International Publisher
_c2021
300 _a458
942 _2ddc
_cBK
999 _c11202
_d11202